<?xml version="1.0" encoding="UTF-8"?>
<record
    xmlns:xsi="http://www.w3.org/2001/XMLSchema-instance"
    xsi:schemaLocation="http://www.loc.gov/MARC21/slim http://www.loc.gov/standards/marcxml/schema/MARC21slim.xsd"
    xmlns="http://www.loc.gov/MARC21/slim">

  <leader>02699nam a2200289 a 4500</leader>
  <controlfield tag="003">CHAP</controlfield>
  <controlfield tag="005">20250821132450.0</controlfield>
  <controlfield tag="008">250612t2008    enkadk|| |||| 00| 0 eng d</controlfield>
  <datafield tag="020" ind1=" " ind2=" ">
    <subfield code="a">978-0-470-51284-5 </subfield>
  </datafield>
  <datafield tag="040" ind1=" " ind2=" ">
    <subfield code="a">CHAP</subfield>
    <subfield code="c">PA</subfield>
    <subfield code="e">rda</subfield>
  </datafield>
  <datafield tag="041" ind1=" " ind2=" ">
    <subfield code="a">eng</subfield>
    <subfield code="b">spa</subfield>
    <subfield code="f">eng</subfield>
    <subfield code="h">eng</subfield>
  </datafield>
  <datafield tag="082" ind1=" " ind2=" ">
    <subfield code="a">PA 658.40352</subfield>
    <subfield code="b">.V67 2008</subfield>
  </datafield>
  <datafield tag="100" ind1=" " ind2=" ">
    <subfield code="a">Vose, David</subfield>
    <subfield code="e">autor</subfield>
    <subfield code="9">190642</subfield>
  </datafield>
  <datafield tag="245" ind1=" " ind2=" ">
    <subfield code="a">Risk Analysis :</subfield>
    <subfield code="b">A quantitative guide /</subfield>
    <subfield code="c">David Vose</subfield>
  </datafield>
  <datafield tag="250" ind1=" " ind2=" ">
    <subfield code="a">3rd edici&#xF3;n</subfield>
  </datafield>
  <datafield tag="264" ind1=" " ind2=" ">
    <subfield code="a">Toronto, Chichester :</subfield>
    <subfield code="b">John Wiley and Sons LTD.,</subfield>
    <subfield code="c">2008</subfield>
  </datafield>
  <datafield tag="300" ind1=" " ind2=" ">
    <subfield code="a">xi, 735 p&#xE1;ginas :</subfield>
    <subfield code="b">ilustraciones</subfield>
  </datafield>
  <datafield tag="336" ind1=" " ind2=" ">
    <subfield code="2">rdacontent</subfield>
    <subfield code="a">texto</subfield>
    <subfield code="b">txt</subfield>
  </datafield>
  <datafield tag="337" ind1=" " ind2=" ">
    <subfield code="2">rdamedia</subfield>
    <subfield code="a">sin medio</subfield>
    <subfield code="b">n</subfield>
  </datafield>
  <datafield tag="338" ind1=" " ind2=" ">
    <subfield code="2">rdacarrier</subfield>
    <subfield code="a">volumen</subfield>
    <subfield code="b">nc</subfield>
  </datafield>
  <datafield tag="505" ind1=" " ind2=" ">
    <subfield code="a">Preface. -- Part 1: Introduction. -- 1. Why do a risk analysis?. -- 2. Planning a risk analysis. -- 3. The quality of a risk analysis. -- 4. Choice of model structure. -- 5. Understanding and using the results of a risk analysis. -- 6. Probability mathematics and simulation. -- 7. Building and running a model. -- 8. Some basic random processes. -- 9. Data and statistics. -- 10. Fitting distributions to data. -- 11. Sums of random variables. -- 12. Forecasting with uncertainty. -- 13. Modelling correlation and dependencies. -- 14. Eliciting from expert opinion. -- 15. Testing and modelling causal relationships. -- 16. Optimisation in risk analysis. -- 17. Checking and validating a model. -- 18. Discounted cashflow modelling. -- 19. Project risk analysis. -- 20. Insurance and finance risk analysis modelling. -- 21. Microbial food safety risk assessment. -- 22. Animal import risk assessment. --  I. Guide for lecturers. -- II. About ModelRisk. -- III. A compendium of distributions. -- IV. Further reading. -- V. Vose Consulting. -- References. -- Index.</subfield>
  </datafield>
  <datafield tag="520" ind1=" " ind2=" ">
    <subfield code="a">Este libro aborda la cuantificaci&#xF3;n del riesgo, la modelizaci&#xF3;n de los riesgos identificados y la toma de decisiones a partir de dichos modelos. El an&#xE1;lisis cuantitativo de riesgos (ARC) mediante simulaci&#xF3;n de Monte Carlo ofrece un m&#xE9;todo potente y preciso para abordar la incertidumbre y la variabilidad de un problema. Al proporcionar los elementos b&#xE1;sicos, el autor gu&#xED;a al lector a trav&#xE9;s de los pasos necesarios para generar un modelo de an&#xE1;lisis de riesgos preciso y ofrece t&#xE9;cnicas generales y espec&#xED;ficas para abordar la mayor&#xED;a de los problemas de modelizaci&#xF3;n. Se utiliza una amplia gama de problemas resueltos para ilustrar estas t&#xE9;cnicas y c&#xF3;mo pueden combinarse para resolver problemas que, de otro modo, ser&#xED;an complejos.</subfield>
  </datafield>
  <datafield tag="534" ind1=" " ind2=" ">
    <subfield code="p">T&#xED;tulo original:</subfield>
  </datafield>
  <datafield tag="650" ind1=" " ind2="7">
    <subfield code="a">Evaluac&#xF3;n de riesgo : modelos matem&#xE1;ticos</subfield>
    <subfield code="9">190643</subfield>
  </datafield>
  <datafield tag="650" ind1=" " ind2="0">
    <subfield code="a">M&#xE9;todo de Monte Carlo</subfield>
    <subfield code="9">76621</subfield>
  </datafield>
  <datafield tag="942" ind1=" " ind2=" ">
    <subfield code="2">ddc</subfield>
    <subfield code="c">LIBRO</subfield>
  </datafield>
  <datafield tag="999" ind1=" " ind2=" ">
    <subfield code="c">220603</subfield>
    <subfield code="d">220603</subfield>
  </datafield>
  <datafield tag="952" ind1=" " ind2=" ">
    <subfield code="0">0</subfield>
    <subfield code="1">0</subfield>
    <subfield code="2">ddc</subfield>
    <subfield code="4">0</subfield>
    <subfield code="5">1</subfield>
    <subfield code="7">0</subfield>
    <subfield code="8">GRAL</subfield>
    <subfield code="a">PA</subfield>
    <subfield code="b">PA</subfield>
    <subfield code="d">2025-06-12</subfield>
    <subfield code="e">Compra</subfield>
    <subfield code="f">Libro</subfield>
    <subfield code="i">c/e - 1345</subfield>
    <subfield code="l">0</subfield>
    <subfield code="o">PA 658.40352 .V67 </subfield>
    <subfield code="p">4102004114</subfield>
    <subfield code="r">2025-06-12 15:46:47</subfield>
    <subfield code="t">Ej.1</subfield>
    <subfield code="w">2025-06-12</subfield>
    <subfield code="y">LIBRO</subfield>
  </datafield>
  <datafield tag="952" ind1=" " ind2=" ">
    <subfield code="0">0</subfield>
    <subfield code="1">0</subfield>
    <subfield code="2">ddc</subfield>
    <subfield code="4">0</subfield>
    <subfield code="5">3</subfield>
    <subfield code="7">0</subfield>
    <subfield code="8">GRAL</subfield>
    <subfield code="a">PA</subfield>
    <subfield code="b">PA</subfield>
    <subfield code="d">2025-06-13</subfield>
    <subfield code="e">Compra</subfield>
    <subfield code="f">Libro</subfield>
    <subfield code="i">c/e - 603</subfield>
    <subfield code="l">0</subfield>
    <subfield code="o">PA 658.40352 .V67 2008</subfield>
    <subfield code="p">4102004115</subfield>
    <subfield code="r">2025-06-13 15:36:34</subfield>
    <subfield code="t">Ej.2</subfield>
    <subfield code="w">2025-06-13</subfield>
    <subfield code="y">LIBRO</subfield>
  </datafield>
  <datafield tag="952" ind1=" " ind2=" ">
    <subfield code="0">0</subfield>
    <subfield code="1">0</subfield>
    <subfield code="2">ddc</subfield>
    <subfield code="4">0</subfield>
    <subfield code="5">3</subfield>
    <subfield code="7">0</subfield>
    <subfield code="8">GRAL</subfield>
    <subfield code="a">PA</subfield>
    <subfield code="b">PA</subfield>
    <subfield code="d">2025-06-13</subfield>
    <subfield code="e">Compra</subfield>
    <subfield code="f">Libro</subfield>
    <subfield code="i">c/e - 604</subfield>
    <subfield code="l">0</subfield>
    <subfield code="o">PA 658.40352 .V67 2008</subfield>
    <subfield code="p">4102004116</subfield>
    <subfield code="r">2025-06-13 15:38:24</subfield>
    <subfield code="t">Ej.3</subfield>
    <subfield code="w">2025-06-13</subfield>
    <subfield code="y">LIBRO</subfield>
  </datafield>
</record>
